=LDR 00000nam 2200000 4500 =001 INLIS000000000026717 =005 20200611072720 =035 ##$$a 0010-061300000026717 =008 200611################g##########0#ind## =041 ##$$a ind =082 ##$$a 2x3.46 =090 ##$$a 2x3.46, LAB k =100 ##$$a Labib, MZ =245 1#$$a Kisah teladan 25 Nabi dan Rasul : $b Dalam Alqur'an /$c Labib MZ, Drs. Muthadim, Maftuh Ahnan =260 ##$$a Surabaya :$b Binrang Usaha Jaya,$c 1998 =300 ##$$a 110 hlm., ; $c 14 x 20 cm =650 #4$$a Nabi dan Rasul =700 #$$a Ahnan, Maftuh =850 ##$$a NBPNMAT =084 ##$$a 2x3.46 LAB k =250 ##$$a cet.3 =990 ##$$a 20703985 =990 ##$$a 20703982